BIBLIOTECA PODER JUDICIAL
Portal Judicial TDF

Crímenes por odio a la identidad de género. Lecciones del caso "T." / (Registro nro. 5742)

000 -LEADER
fixed length control field 01310nab a22002417a 4500
003 - CONTROL NUMBER IDENTIFIER
control field OSt
005 - DATE AND TIME OF LATEST TRANSACTION
control field 20260101202813.0
008 - FIXED-LENGTH DATA ELEMENTS--GENERAL INFORMATION
fixed length control field 190514b xxu||||| |||| 00| 0 spa d
040 ## - CATALOGING SOURCE
Transcribing agency PJ
100 ## - MAIN ENTRY--PERSONAL NAME
9 (RLIN) 6660
Personal name Donato, Tomás
245 10 - TITLE STATEMENT
Title Crímenes por odio a la identidad de género. Lecciones del caso "T." /
Statement of responsibility, etc Tomás Donato.
300 ## - PHYSICAL DESCRIPTION
Extent p. 89-95
500 ## - GENERAL NOTE
General note Cita: TR LALEY AR/DOC/452/2025.
505 ## - FORMATTED CONTENTS NOTE
Formatted contents note Sumario: I. Introducción.— II. El odio a la identidad o expresión de género.— III. Las distinciones entre motivos y modalidades.— IV. La jurisprudencia de los Tribunales Regionales de Derechos Humanos.— V. Los hechos del caso.— VI. La dinámica de sometimiento.— VII. Medidas de reparación integral.— VIII. Consideraciones finales. <br/>
505 ## - FORMATTED CONTENTS NOTE
Formatted contents note Fallo comentado: CCiv. y Com., Necochea ~ 06/09/2024 ~ V. B. D. c. F. G. S. y otros s/ daños y perj. autom. c/ les. o muerte (exc. estado).
650 #0 - SUBJECT ADDED ENTRY--TOPICAL TERM
9 (RLIN) 967
Topical term or geographic name as entry element DERECHO DE FAMILIA
650 #0 - SUBJECT ADDED ENTRY--TOPICAL TERM
9 (RLIN) 4305
Topical term or geographic name as entry element DERECHO A LA IDENTIDAD DE GÉNERO
650 #0 - SUBJECT ADDED ENTRY--TOPICAL TERM
9 (RLIN) 2913
Topical term or geographic name as entry element HOMICIDIO
650 #0 - SUBJECT ADDED ENTRY--TOPICAL TERM
Topical term or geographic name as entry element TRANSEXUALIDAD
650 #0 - SUBJECT ADDED ENTRY--TOPICAL TERM
9 (RLIN) 1057
Topical term or geographic name as entry element JURISPRUDENCIA APLICABLE
773 0# - HOST ITEM ENTRY
Host Biblionumber 2844
Host Itemnumber 3222
Place, publisher, and date of publication Buenos Aires : AbeledoPerrot, 1989-
Title Derecho de familia. Revista Interdisciplinaria de doctrina y jurisprudencia. Abril 2025-II.
International Standard Book Number 18511201
942 ## - ADDED ENTRY ELEMENTS (KOHA)
Source of classification or shelving scheme
Koha item type Analítica Artículo de Revista

No hay ítems disponibles.

12 de Octubre 789 Ushuaia - Tel:  54(02901)441571
Horario de Atención: 8.00 a 17.00 hs. 
bibliotecaush@justierradelfuego.gov.ar
koha@justierradelfuego.gov.ar
Seguinos en nuestras redes @bibliojustdf 

Con tecnología Koha